[Event "Hoogeveen Open"]
[Site "Hoogeveen, Netherlands"]
[Date "2018.10.22"]
[Round "4.10"]
[White "Blagojevic, Tijana"]
[Black "Warmerdam, Max"]
[Result "1/2-1/2"]
[WhiteElo "2232"]
[BlackElo "2417"]

1. e4 {[%clk 01:30:57]} {[%emt 00:00:02]} e5 {[%clk 01:29:15]} {[%emt
00:01:46]} 2. Nf3 {[%clk 01:31:20]} {[%emt 00:00:06]} Nc6 {[%clk 01:29:39]}
{[%emt 00:00:06]} 3. Nc3 {[%clk 01:31:46]} {[%emt 00:00:04]} Nf6 {[%clk
01:30:03]} {[%emt 00:00:06]} 4. d4 {[%clk 01:32:13]} {[%emt 00:00:04]} exd4
{[%clk 01:30:27]} {[%emt 00:00:05]} 5. Nxd4 {[%clk 01:32:40]} {[%emt 00:00:03]}
Bb4 {[%clk 01:26:53]} {[%emt 00:04:04]} 6. Nxc6 {[%clk 01:33:03]} {[%emt
00:00:07]} bxc6 {[%clk 01:27:19]} {[%emt 00:00:04]} 7. Bd3 {[%clk 01:33:29]}
{[%emt 00:00:05]} d5 {[%clk 01:27:42]} {[%emt 00:00:06]} 8. exd5 {[%clk
01:33:53]} {[%emt 00:00:06]} O-O {[%clk 01:28:08]} {[%emt 00:00:04]} 9. O-O
{[%clk 01:34:18]} {[%emt 00:00:04]} Bg4 {[%clk 01:28:34]} {[%emt 00:00:04]} 10.
Be2 {[%clk 01:29:55]} {[%emt 00:04:53]} Bxe2 {[%clk 01:27:38]} {[%emt
00:01:27]} 11. Nxe2 {[%clk 01:30:09]} {[%emt 00:00:16]} Re8 {[%clk 01:27:59]}
{[%emt 00:00:09]} 12. c3 {[%clk 01:17:51]} {[%emt 00:12:48]} Bc5 {[%clk
01:11:07]} {[%emt 00:17:20]} 13. Nd4 {[%clk 01:14:49]} {[%emt 00:03:34]} cxd5
{[%clk 01:05:30]} {[%emt 00:06:07]} 14. Be3 {[%clk 01:12:59]} {[%emt 00:02:20]}
Ne4 {[%clk 01:00:54]} {[%emt 00:05:06]} 15. Qd3 {[%clk 01:08:33]} {[%emt
00:04:56]} Qf6 {[%clk 00:45:25]} {[%emt 00:16:00]} 16. Rad1 {[%clk 01:05:54]}
{[%emt 00:03:08]} Bb6 {[%clk 00:39:41]} {[%emt 00:06:14]} 17. Nc2 {[%clk
01:01:26]} {[%emt 00:04:57]} Rad8 {[%clk 00:38:48]} {[%emt 00:01:23]} 18. Bd4
{[%clk 00:58:40]} {[%emt 00:03:17]} Qd6 {[%clk 00:16:46]} {[%emt 00:22:32]} 19.
Bxb6 {[%clk 00:52:02]} {[%emt 00:07:08]} axb6 {[%clk 00:16:51]} {[%emt
00:00:25]} 20. Nd4 {[%clk 00:45:48]} {[%emt 00:06:44]} c6 {[%clk 00:12:54]}
{[%emt 00:04:27]} 21. Rfe1 {[%clk 00:44:01]} {[%emt 00:02:16]} g6 {[%clk
00:12:26]} {[%emt 00:00:58]} 22. Re2 {[%clk 00:39:39]} {[%emt 00:04:53]} Re7
{[%clk 00:11:52]} {[%emt 00:01:03]} 23. Rde1 {[%clk 00:36:12]} {[%emt
00:03:58]} Rde8 {[%clk 00:11:55]} {[%emt 00:00:27]} 24. g3 {[%clk 00:29:03]}
{[%emt 00:07:38]} Qd7 {[%clk 00:03:14]} {[%emt 00:09:12]} 25. f3 {[%clk
00:26:35]} {[%emt 00:02:59]} Nc5 {[%clk 00:03:19]} {[%emt 00:00:24]} 26. Rxe7
{[%clk 00:25:50]} {[%emt 00:01:14]} Rxe7 {[%clk 00:03:38]} {[%emt 00:00:12]} 27.
Rxe7 {[%clk 00:25:58]} {[%emt 00:00:22]} Qxe7 {[%clk 00:04:02]} {[%emt
00:00:06]} 28. Nxc6 {[%clk 00:24:45]} {[%emt 00:01:42]} Qe1+ {[%clk 00:03:01]}
{[%emt 00:01:32]} 29. Qf1 {[%clk 00:25:11]} {[%emt 00:00:04]} Qd2 {[%clk
00:01:08]} {[%emt 00:02:23]} 30. Qf2 {[%clk 00:22:40]} {[%emt 00:03:01]} Qd1+
{[%clk 00:01:02]} {[%emt 00:00:36]} 31. Qf1 {[%clk 00:20:41]} {[%emt 00:02:29]}
Qd2 {[%clk 00:01:28]} {[%emt 00:00:04]} 32. Qf2 {[%clk 00:18:47]} {[%emt
00:02:25]} Qd1+ {[%clk 00:01:51]} {[%emt 00:00:05]} 33. Qf1 {[%clk 00:18:00]}
{[%emt 00:01:18]} 1/2-1/2

[Event "Hoogeveen Open"]
[Site "Hoogeveen, Netherlands"]
[Date "2018.10.22"]
[Round "4.11"]
[White "Sparenberg, Erik"]
[Black "Baskin, Robert"]
[Result "1/2-1/2"]
[WhiteElo "2224"]
[BlackElo "2348"]

1. Nf3 {[%clk 01:30:13]} {[%emt 00:00:46]} Nf6 {[%clk 01:27:14]} {[%emt
00:03:47]} 2. c4 {[%clk 01:30:36]} {[%emt 00:00:07]} b6 {[%clk 01:24:27]}
{[%emt 00:03:17]} 3. g3 {[%clk 01:30:45]} {[%emt 00:00:21]} Bb7 {[%clk
01:24:45]} {[%emt 00:00:12]} 4. Bg2 {[%clk 01:31:10]} {[%emt 00:00:06]} c5
{[%clk 01:24:17]} {[%emt 00:00:57]} 5. Nc3 {[%clk 01:30:28]} {[%emt 00:01:12]}
g6 {[%clk 01:24:16]} {[%emt 00:00:31]} 6. O-O {[%clk 01:30:47]} {[%emt
00:00:11]} Bg7 {[%clk 01:24:43]} {[%emt 00:00:03]} 7. d4 {[%clk 01:22:17]}
{[%emt 00:08:59]} cxd4 {[%clk 01:24:50]} {[%emt 00:00:23]} 8. Qxd4 {[%clk
01:22:37]} {[%emt 00:00:10]} d6 {[%clk 01:24:43]} {[%emt 00:00:37]} 9. Rd1
{[%clk 01:14:33]} {[%emt 00:08:34]} O-O {[%clk 01:24:17]} {[%emt 00:00:57]} 10.
Qh4 {[%clk 01:14:07]} {[%emt 00:00:54]} Nbd7 {[%clk 01:23:07]} {[%emt
00:01:41]} 11. Bh6 {[%clk 01:11:34]} {[%emt 00:03:02]} Rc8 {[%clk 01:20:46]}
{[%emt 00:02:52]} 12. Bxg7 {[%clk 01:11:23]} {[%emt 00:00:41]} Kxg7 {[%clk
01:21:11]} {[%emt 00:00:06]} 13. Qd4 {[%clk 01:07:51]} {[%emt 00:04:01]} Bxf3
{[%clk 01:11:20]} {[%emt 00:10:21]} 14. exf3 {[%clk 01:06:11]} {[%emt
00:02:10]} a6 {[%clk 01:10:28]} {[%emt 00:01:22]} 15. f4 {[%clk 01:01:15]}
{[%emt 00:05:25]} Rb8 {[%clk 01:05:40]} {[%emt 00:05:19]} 16. b4 {[%clk
00:52:05]} {[%emt 00:09:41]} Kg8 {[%clk 01:03:50]} {[%emt 00:02:18]} 17. Rac1
{[%clk 00:47:53]} {[%emt 00:04:42]} Re8 {[%clk 00:54:52]} {[%emt 00:09:29]} 18.
h4 {[%clk 00:41:40]} {[%emt 00:06:42]} a5 {[%clk 00:51:17]} {[%emt 00:04:05]}
19. a3 {[%clk 00:37:28]} {[%emt 00:04:43]} Rc8 {[%clk 00:50:14]} {[%emt
00:01:33]} 20. Nb5 {[%clk 00:36:18]} {[%emt 00:01:39]} Rb8 {[%clk 00:48:04]}
{[%emt 00:02:40]} 21. Na7 {[%clk 00:29:08]} {[%emt 00:07:40]} Qc7 {[%clk
00:47:31]} {[%emt 00:01:04]} 22. Nb5 {[%clk 00:26:24]} {[%emt 00:03:14]} Qc8
{[%clk 00:47:34]} {[%emt 00:00:27]} 23. Na7 {[%clk 00:23:07]} {[%emt 00:03:46]}
Qc7 {[%clk 00:47:54]} {[%emt 00:00:11]} 1/2-1/2

[Event "Hoogeveen Open"]
[Site "Hoogeveen, Netherlands"]
[Date "2018.10.22"]
[Round "4.16"]
[White "Tomilova, Elena"]
[Black "Van Randtwijk, Mick"]
[Result "1-0"]
[WhiteElo "2328"]
[BlackElo "1979"]

1. c4 {[%clk 01:30:58]} {[%emt 00:00:01]} e5 {[%clk 01:30:52]} {[%emt
00:00:08]} 2. g3 {[%clk 01:31:25]} {[%emt 00:00:04]} Nf6 {[%clk 01:31:06]}
{[%emt 00:00:16]} 3. Bg2 {[%clk 01:31:51]} {[%emt 00:00:04]} d5 {[%clk
01:31:17]} {[%emt 00:00:19]} 4. cxd5 {[%clk 01:32:14]} {[%emt 00:00:07]} Nxd5
{[%clk 01:31:42]} {[%emt 00:00:06]} 5. Nf3 {[%clk 01:32:41]} {[%emt 00:00:02]}
Nc6 {[%clk 01:31:32]} {[%emt 00:00:40]} 6. O-O {[%clk 01:33:05]} {[%emt
00:00:06]} Be7 {[%clk 01:31:17]} {[%emt 00:00:45]} 7. d4 {[%clk 01:33:21]}
{[%emt 00:00:13]} exd4 {[%clk 01:28:56]} {[%emt 00:02:51]} 8. Nxd4 {[%clk
01:33:44]} {[%emt 00:00:07]} Nxd4 {[%clk 01:29:11]} {[%emt 00:00:16]} 9. Qxd4
{[%clk 01:34:10]} {[%emt 00:00:04]} Nf6 {[%clk 01:29:31]} {[%emt 00:00:10]} 10.
Qa4+ {[%clk 01:34:32]} {[%emt 00:00:08]} Bd7 {[%clk 01:27:56]} {[%emt
00:02:04]} 11. Qb3 {[%clk 01:34:38]} {[%emt 00:00:25]} Rb8 {[%clk 01:27:39]}
{[%emt 00:00:47]} 12. Bf4 {[%clk 01:31:34]} {[%emt 00:03:34]} O-O {[%clk
01:22:29]} {[%emt 00:05:41]} 13. Rd1 {[%clk 01:26:55]} {[%emt 00:05:09]} Qe8
{[%clk 01:19:16]} {[%emt 00:03:43]} 14. Nc3 {[%clk 01:26:18]} {[%emt 00:01:06]}
Bd8 {[%clk 01:17:34]} {[%emt 00:02:12]} 15. Rac1 {[%clk 01:19:09]} {[%emt
00:07:38]} b5 {[%clk 01:14:23]} {[%emt 00:03:42]} 16. Nd5 {[%clk 01:12:55]}
{[%emt 00:06:44]} Be6 {[%clk 01:12:41]} {[%emt 00:02:12]} 17. Nxf6+ {[%clk
01:08:11]} {[%emt 00:05:14]} Bxf6 {[%clk 01:12:52]} {[%emt 00:00:19]} 18. Qa3
{[%clk 01:08:24]} {[%emt 00:00:17]} Bc4 {[%clk 01:06:11]} {[%emt 00:07:11]} 19.
Bxc7 {[%clk 01:04:41]} {[%emt 00:04:12]} Rc8 {[%clk 01:06:25]} {[%emt
00:00:17]} 20. Qa5 {[%clk 00:51:28]} {[%emt 00:13:44]} Bxb2 {[%clk 00:52:09]}
{[%emt 00:14:46]} 21. Rc2 {[%clk 00:51:24]} {[%emt 00:00:33]} Be5 {[%clk
00:52:12]} {[%emt 00:00:27]} 22. Rxc4 {[%clk 00:50:43]} {[%emt 00:01:10]} bxc4
{[%clk 00:50:54]} {[%emt 00:01:48]} 23. Bxe5 {[%clk 00:50:29]} {[%emt
00:00:45]} f6 {[%clk 00:49:28]} {[%emt 00:01:55]} 24. Bc3 {[%clk 00:46:51]}
{[%emt 00:04:08]} Qxe2 {[%clk 00:47:59]} {[%emt 00:02:00]} 25. Re1 {[%clk
00:47:00]} {[%emt 00:00:21]} Qd3 {[%clk 00:48:02]} {[%emt 00:00:27]} 26. Be4
{[%clk 00:46:33]} {[%emt 00:00:57]} Qd8 {[%clk 00:47:25]} {[%emt 00:01:07]} 27.
Qh5 {[%clk 00:44:53]} {[%emt 00:02:09]} g6 {[%clk 00:46:27]} {[%emt 00:01:28]}
28. Bxg6 {[%clk 00:45:05]} {[%emt 00:00:18]} hxg6 {[%clk 00:46:53]} {[%emt
00:00:04]} 29. Qxg6+ {[%clk 00:45:31]} {[%emt 00:00:04]} Kh8 {[%clk 00:47:19]}
{[%emt 00:00:05]} 30. Re4 {[%clk 00:45:21]} {[%emt 00:00:40]} Qd1+ {[%clk
00:47:26]} {[%emt 00:00:22]} 31. Be1 {[%clk 00:45:24]} {[%emt 00:00:27]} f5
{[%clk 00:47:39]} {[%emt 00:00:18]} 32. Rh4+ {[%clk 00:45:15]} {[%emt
00:00:06]} 1-0

[Event "Hoogeveen Open"]
[Site "Hoogeveen, Netherlands"]
[Date "2018.10.22"]
[Round "4.19"]
[White "Ingebretsen, Jens E"]
[Black "Warakomska, Anna"]
[Result "1-0"]
[WhiteElo "2160"]
[BlackElo "2293"]

1. e4 {[%clk 01:23:14]} {[%emt 00:07:45]} c5 {[%clk 01:30:54]} {[%emt
00:00:07]} 2. Nf3 {[%clk 01:23:29]} {[%emt 00:00:15]} e6 {[%clk 01:31:20]}
{[%emt 00:00:04]} 3. d4 {[%clk 01:23:25]} {[%emt 00:00:33]} cxd4 {[%clk
01:31:46]} {[%emt 00:00:05]} 4. Nxd4 {[%clk 01:23:51]} {[%emt 00:00:04]} Nc6
{[%clk 01:32:11]} {[%emt 00:00:05]} 5. Nc3 {[%clk 01:24:16]} {[%emt 00:00:05]}
Qc7 {[%clk 01:32:36]} {[%emt 00:00:05]} 6. g3 {[%clk 01:24:37]} {[%emt
00:00:09]} a6 {[%clk 01:32:31]} {[%emt 00:00:35]} 7. Bg2 {[%clk 01:25:03]}
{[%emt 00:00:05]} Nf6 {[%clk 01:32:26]} {[%emt 00:00:34]} 8. O-O {[%clk
01:25:26]} {[%emt 00:00:07]} Nxd4 {[%clk 01:31:44]} {[%emt 00:01:13]} 9. Qxd4
{[%clk 01:25:53]} {[%emt 00:00:02]} Bc5 {[%clk 01:31:50]} {[%emt 00:00:24]} 10.
Bf4 {[%clk 01:26:17]} {[%emt 00:00:06]} d6 {[%clk 01:31:53]} {[%emt 00:00:27]}
11. Qd2 {[%clk 01:25:17]} {[%emt 00:01:30]} h6 {[%clk 01:30:08]} {[%emt
00:02:15]} 12. Rad1 {[%clk 01:25:37]} {[%emt 00:00:10]} e5 {[%clk 01:29:29]}
{[%emt 00:01:10]} 13. Be3 {[%clk 01:26:01]} {[%emt 00:00:04]} Be6 {[%clk
01:29:19]} {[%emt 00:00:41]} 14. Bxc5 {[%clk 01:25:36]} {[%emt 00:00:55]} dxc5
{[%clk 01:29:44]} {[%emt 00:00:05]} 15. f4 {[%clk 01:25:25]} {[%emt 00:00:40]}
O-O {[%clk 01:22:52]} {[%emt 00:07:21]} 16. Nd5 {[%clk 01:25:31]} {[%emt
00:00:25]} Bxd5 {[%clk 01:22:43]} {[%emt 00:00:39]} 17. exd5 {[%clk 01:25:59]}
{[%emt 00:00:02]} Qd6 {[%clk 01:19:26]} {[%emt 00:03:48]} 18. fxe5 {[%clk
01:23:04]} {[%emt 00:03:23]} Qxe5 {[%clk 01:19:06]} {[%emt 00:00:51]} 19. d6
{[%clk 01:22:21]} {[%emt 00:01:13]} Qxb2 {[%clk 01:17:08]} {[%emt 00:02:28]} 20.
d7 {[%clk 01:20:45]} {[%emt 00:02:06]} Rad8 {[%clk 01:05:13]} {[%emt 00:12:25]}
21. Bh3 {[%clk 01:18:05]} {[%emt 00:03:08]} Ne4 {[%clk 00:44:59]} {[%emt
00:20:45]} 22. Qe3 {[%clk 01:08:12]} {[%emt 00:10:23]} Ng5 {[%clk 00:42:12]}
{[%emt 00:03:17]} 23. Bf5 {[%clk 01:07:31]} {[%emt 00:01:11]} Qb6 {[%clk
00:39:50]} {[%emt 00:02:53]} 24. Rd5 {[%clk 01:02:43]} {[%emt 00:05:17]} Ne6
{[%clk 00:34:24]} {[%emt 00:05:55]} 25. c3 {[%clk 01:00:19]} {[%emt 00:02:54]}
Qc6 {[%clk 00:28:21]} {[%emt 00:06:33]} 26. Rfd1 {[%clk 00:53:25]} {[%emt
00:07:24]} c4 {[%clk 00:26:14]} {[%emt 00:02:38]} 27. g4 {[%clk 00:48:50]}
{[%emt 00:05:05]} b6 {[%clk 00:21:45]} {[%emt 00:04:59]} 28. h4 {[%clk
00:44:21]} {[%emt 00:04:58]} Nc5 {[%clk 00:19:24]} {[%emt 00:02:52]} 29. Rd6
{[%clk 00:42:55]} {[%emt 00:01:56]} Qc7 {[%clk 00:14:26]} {[%emt 00:05:28]} 30.
g5 {[%clk 00:39:05]} {[%emt 00:04:20]} Nd3 {[%clk 00:10:37]} {[%emt 00:04:19]}
31. Qxb6 {[%clk 00:35:54]} {[%emt 00:03:41]} Qxb6+ {[%clk 00:10:33]} {[%emt
00:00:34]} 32. Rxb6 {[%clk 00:36:21]} {[%emt 00:00:02]} Ne5 {[%clk 00:10:43]}
{[%emt 00:00:20]} 33. Kg2 {[%clk 00:35:29]} {[%emt 00:01:22]} g6 {[%clk
00:09:15]} {[%emt 00:01:59]} 34. Bh3 {[%clk 00:35:39]} {[%emt 00:00:19]} hxg5
{[%clk 00:07:41]} {[%emt 00:02:04]} 35. hxg5 {[%clk 00:35:53]} {[%emt
00:00:15]} Nd3 {[%clk 00:07:52]} {[%emt 00:00:19]} 36. Kg3 {[%clk 00:34:57]}
{[%emt 00:01:27]} Rb8 {[%clk 00:05:50]} {[%emt 00:02:32]} 37. Rdb1 {[%clk
00:33:09]} {[%emt 00:02:18]} Rxb6 {[%clk 00:05:40]} {[%emt 00:00:40]} 38. Rxb6
{[%clk 00:33:37]} {[%emt 00:00:01]} Rd8 {[%clk 00:06:02]} {[%emt 00:00:09]} 39.
Rxa6 {[%clk 00:28:50]} {[%emt 00:05:16]} Kf8 {[%clk 00:06:25]} {[%emt
00:00:07]} 40. Rc6 {[%clk 00:20:06]} {[%emt 00:09:15]} Ne5 {[%clk 00:04:33]}
{[%emt 00:02:22]} 41. Rc7 {[%clk 00:19:58]} {[%emt 00:00:38]} Ke7 {[%clk
00:29:55]} {[%emt 00:05:07]} 42. Kf4 {[%clk 00:49:20]} {[%emt 00:01:08]} f6
{[%clk 00:25:28]} {[%emt 00:04:58]} 43. gxf6+ {[%clk 00:39:28]} {[%emt
00:10:22]} Kxf6 {[%clk 00:25:44]} {[%emt 00:00:14]} 44. Rc8 {[%clk 00:39:53]}
{[%emt 00:00:05]} g5+ {[%clk 00:23:43]} {[%emt 00:02:31]} 45. Ke4 {[%clk
00:39:53]} {[%emt 00:00:29]} Nf7 {[%clk 00:24:10]} {[%emt 00:00:04]} 46. Kd5
{[%clk 00:39:02]} {[%emt 00:01:05]} Ke7 {[%clk 00:23:35]} {[%emt 00:01:21]} 47.
a4 {[%clk 00:37:52]} {[%emt 00:01:40]} Nh6 {[%clk 00:22:36]} {[%emt 00:01:29]}
48. Be6 {[%clk 00:35:42]} {[%emt 00:02:40]} Nf7 {[%clk 00:20:11]} {[%emt
00:02:55]} 49. a5 {[%clk 00:34:49]} {[%emt 00:01:23]} g4 {[%clk 00:16:26]}
{[%emt 00:04:15]} 50. Bxg4 {[%clk 00:33:59]} {[%emt 00:01:20]} Nd6 {[%clk
00:16:49]} {[%emt 00:00:08]} 1-0

[Event "Hoogeveen Open"]
[Site "Hoogeveen, Netherlands"]
[Date "2018.10.22"]
[Round "4.20"]
[White "Klaren, Duncan"]
[Black "Bluhm, Sonja Maria"]
[Result "0-1"]
[WhiteElo "1950"]
[BlackElo "2281"]

1. e4 {[%clk 01:30:57]} {[%emt 00:00:02]} c5 {[%clk 01:30:55]} {[%emt
00:00:05]} 2. Nf3 {[%clk 01:31:24]} {[%emt 00:00:04]} Nc6 {[%clk 01:31:19]}
{[%emt 00:00:05]} 3. d4 {[%clk 01:31:49]} {[%emt 00:00:05]} cxd4 {[%clk
01:31:43]} {[%emt 00:00:06]} 4. Nxd4 {[%clk 01:32:15]} {[%emt 00:00:03]} Nf6
{[%clk 01:32:07]} {[%emt 00:00:06]} 5. Nc3 {[%clk 01:32:42]} {[%emt 00:00:04]}
e6 {[%clk 01:32:25]} {[%emt 00:00:12]} 6. Bg5 {[%clk 01:30:00]} {[%emt
00:03:12]} Qa5 {[%clk 01:27:30]} {[%emt 00:05:24]} 7. Bxf6 {[%clk 01:26:50]}
{[%emt 00:03:41]} gxf6 {[%clk 01:27:50]} {[%emt 00:00:10]} 8. Ndb5 {[%clk
01:26:19]} {[%emt 00:01:01]} Bc5 {[%clk 01:00:20]} {[%emt 00:28:00]} 9. Nd6+
{[%clk 01:19:47]} {[%emt 00:07:02]} Ke7 {[%clk 01:00:21]} {[%emt 00:00:29]} 10.
Nc4 {[%clk 01:19:47]} {[%emt 00:00:29]} Qc7 {[%clk 01:00:38]} {[%emt 00:00:14]}
11. Qd2 {[%clk 01:14:56]} {[%emt 00:05:21]} Ne5 {[%clk 00:59:33]} {[%emt
00:01:35]} 12. O-O-O {[%clk 01:08:15]} {[%emt 00:07:11]} Nxc4 {[%clk 00:57:59]}
{[%emt 00:02:03]} 13. Bxc4 {[%clk 01:07:44]} {[%emt 00:01:02]} a6 {[%clk
00:57:05]} {[%emt 00:01:25]} 14. Rhe1 {[%clk 01:07:18]} {[%emt 00:00:55]} b5
{[%clk 00:54:27]} {[%emt 00:03:07]} 15. Qh6 {[%clk 01:03:33]} {[%emt 00:04:16]}
Bb7 {[%clk 00:52:20]} {[%emt 00:02:37]} 16. Bd5 {[%clk 01:03:04]} {[%emt
00:00:59]} b4 {[%clk 00:39:24]} {[%emt 00:13:26]} 17. e5 {[%clk 00:46:54]}
{[%emt 00:16:39]} fxe5 {[%clk 00:28:20]} {[%emt 00:11:35]} 18. Ne4 {[%clk
00:46:14]} {[%emt 00:01:10]} Rhc8 {[%clk 00:26:13]} {[%emt 00:02:37]} 19. Qf6+
{[%clk 00:42:25]} {[%emt 00:04:19]} Ke8 {[%clk 00:24:06]} {[%emt 00:02:37]} 20.
Qh8+ {[%clk 00:39:13]} {[%emt 00:03:40]} Bf8 {[%clk 00:20:02]} {[%emt
00:04:37]} 21. Nd6+ {[%clk 00:38:13]} {[%emt 00:01:29]} Ke7 {[%clk 00:20:08]}
{[%emt 00:00:24]} 22. Qxh7 {[%clk 00:36:09]} {[%emt 00:02:35]} Bxd5 {[%clk
00:19:13]} {[%emt 00:01:24]} 23. Nxf7 {[%clk 00:16:55]} {[%emt 00:19:44]} Qxc2+
{[%clk 00:18:17]} {[%emt 00:01:27]} 24. Qxc2 {[%clk 00:17:20]} {[%emt
00:00:04]} Rxc2+ {[%clk 00:18:42]} {[%emt 00:00:05]} 25. Kxc2 {[%clk 00:17:49]}
{[%emt 00:00:01]} Kxf7 {[%clk 00:19:06]} {[%emt 00:00:06]} 26. Rxe5 {[%clk
00:18:05]} {[%emt 00:00:14]} Bg7 {[%clk 00:18:23]} {[%emt 00:01:12]} 27. Re3
{[%clk 00:17:58]} {[%emt 00:00:38]} Ra7 {[%clk 00:18:25]} {[%emt 00:00:28]} 28.
Rg3 {[%clk 00:16:25]} {[%emt 00:02:03]} Rc7+ {[%clk 00:17:14]} {[%emt
00:01:41]} 0-1

[Event "Hoogeveen Open"]
[Site "Hoogeveen, Netherlands"]
[Date "2018.10.22"]
[Round "4.23"]
[White "Li, Henry"]
[Black "Van Dorp, Folke"]
[Result "1/2-1/2"]
[WhiteElo "2207"]
[BlackElo "2097"]

1. e4 {[%clk 01:30:43]} {[%emt 00:00:16]} d6 {[%clk 01:30:53]} {[%emt
00:00:08]} 2. d4 {[%clk 01:31:02]} {[%emt 00:00:11]} Nf6 {[%clk 01:31:17]}
{[%emt 00:00:06]} 3. Nc3 {[%clk 01:31:23]} {[%emt 00:00:08]} e5 {[%clk
01:31:41]} {[%emt 00:00:06]} 4. Nf3 {[%clk 01:31:19]} {[%emt 00:00:35]} Nbd7
{[%clk 01:31:54]} {[%emt 00:00:17]} 5. Bc4 {[%clk 01:31:12]} {[%emt 00:00:37]}
Be7 {[%clk 01:32:17]} {[%emt 00:00:07]} 6. O-O {[%clk 01:31:05]} {[%emt
00:00:37]} Nb6 {[%clk 01:32:34]} {[%emt 00:00:13]} 7. Be2 {[%clk 01:21:41]}
{[%emt 00:09:54]} exd4 {[%clk 01:32:29]} {[%emt 00:00:36]} 8. Nxd4 {[%clk
01:20:59]} {[%emt 00:01:12]} O-O {[%clk 01:32:52]} {[%emt 00:00:07]} 9. a4
{[%clk 01:20:25]} {[%emt 00:01:03]} a5 {[%clk 01:33:16]} {[%emt 00:00:06]} 10.
Re1 {[%clk 01:19:57]} {[%emt 00:00:58]} Re8 {[%clk 01:33:06]} {[%emt 00:00:39]}
11. h3 {[%clk 01:19:54]} {[%emt 00:00:33]} Bf8 {[%clk 01:31:42]} {[%emt
00:01:54]} 12. Bf1 {[%clk 01:19:05]} {[%emt 00:01:19]} c6 {[%clk 01:30:00]}
{[%emt 00:02:13]} 13. Bg5 {[%clk 01:16:13]} {[%emt 00:03:22]} h6 {[%clk
01:28:16]} {[%emt 00:02:14]} 14. Bf4 {[%clk 01:15:30]} {[%emt 00:01:13]} Nbd7
{[%clk 01:24:07]} {[%emt 00:04:39]} 15. Qd2 {[%clk 00:58:25]} {[%emt 00:17:35]}
Nc5 {[%clk 01:17:08]} {[%emt 00:07:29]} 16. f3 {[%clk 00:53:06]} {[%emt
00:05:49]} Ne6 {[%clk 01:13:17]} {[%emt 00:04:21]} 17. Be3 {[%clk 00:49:19]}
{[%emt 00:04:16]} Nxd4 {[%clk 01:00:47]} {[%emt 00:13:01]} 18. Bxd4 {[%clk
00:49:28]} {[%emt 00:00:21]} Be6 {[%clk 01:00:27]} {[%emt 00:00:50]} 19. Rad1
{[%clk 00:49:03]} {[%emt 00:00:55]} d5 {[%clk 00:55:36]} {[%emt 00:05:22]} 20.
Qf4 {[%clk 00:44:07]} {[%emt 00:05:24]} dxe4 {[%clk 00:49:24]} {[%emt
00:06:43]} 21. Bxf6 {[%clk 00:37:30]} {[%emt 00:07:06]} Qxf6 {[%clk 00:49:50]}
{[%emt 00:00:05]} 22. Qxf6 {[%clk 00:37:48]} {[%emt 00:00:12]} gxf6 {[%clk
00:50:15]} {[%emt 00:00:04]} 23. Nxe4 {[%clk 00:37:46]} {[%emt 00:00:32]} Kg7
{[%clk 00:46:50]} {[%emt 00:03:56]} 24. Bd3 {[%clk 00:34:36]} {[%emt 00:03:40]}
f5 {[%clk 00:45:57]} {[%emt 00:01:24]} 25. Ng3 {[%clk 00:34:18]} {[%emt
00:00:46]} Kf6 {[%clk 00:43:17]} {[%emt 00:03:11]} 26. h4 {[%clk 00:33:10]}
{[%emt 00:01:38]} Bc5+ {[%clk 00:37:52]} {[%emt 00:05:55]} 27. Kf1 {[%clk
00:33:00]} {[%emt 00:00:40]} Rad8 {[%clk 00:33:03]} {[%emt 00:05:19]} 28. Nh5+
{[%clk 00:31:01]} {[%emt 00:02:28]} Kg6 {[%clk 00:33:09]} {[%emt 00:00:24]} 29.
g4 {[%clk 00:29:52]} {[%emt 00:01:40]} Rg8 {[%clk 00:30:45]} {[%emt 00:02:54]}
30. Re5 {[%clk 00:25:46]} {[%emt 00:04:35]} Rxd3 {[%clk 00:29:23]} {[%emt
00:01:54]} 31. Rxd3 {[%clk 00:17:41]} {[%emt 00:08:35]} b6 {[%clk 00:23:51]}
{[%emt 00:06:02]} 32. Rxc5 {[%clk 00:05:48]} {[%emt 00:12:22]} bxc5 {[%clk
00:24:19]} {[%emt 00:00:02]} 33. Rd6 {[%clk 00:06:01]} {[%emt 00:00:16]} fxg4
{[%clk 00:24:01]} {[%emt 00:00:49]} 34. fxg4 {[%clk 00:05:55]} {[%emt
00:00:36]} Rb8 {[%clk 00:20:24]} {[%emt 00:04:07]} 35. Rxc6 {[%clk 00:04:45]}
{[%emt 00:01:40]} Rb4 {[%clk 00:19:18]} {[%emt 00:01:36]} 36. Ng3 {[%clk
00:02:14]} {[%emt 00:03:00]} 1/2-1/2